000 02108nam0a2200409 4500
001 RU\NLR\BIBL_A\022641968
005 20260308044340.0
010 _a978-5-0054-3898-0
_9500
035 _a(NLR Aleph) 022641968
090 _a13555636
_c13555636
100 _a20251010d2025 u y0rusy50 ca
101 0 _arus
102 _aRU
105 _aa|||j|||000yy
181 0 _ai3
_baxxe
182 0 _an
200 1 _aРазработка информационного контента
_eучебник
_eдля студентов, обучающихся по специальности среднего профессионального образования "Информационные системы и программирование"
_fЕ. Е. Дремина
203 _aТекст
_bвизуальный
_cнепосредственный
205 _a3-е изд., стер.
210 _aМосква
_cАкадемия
_d2025
215 _a248, [1] с.
_cцв. ил., табл.
_d22
225 1 _aПрофессиональное образование
_iПрофессиональный модуль
313 _aПо пред. изд. 2024 г.
320 _aБиблиогр.: с. 246-247
333 _a12+
606 1 _aИнформация
_jУчебники для среднего профессионального образования
_xКомпьютерная обработка
_92104509
_3RU\NLR\AUTH\661272414
606 1 _aЭлектронные документы
_jУчебники для среднего профессионального образования
_92096252
_3RU\NLR\AUTH\661268304
606 1 _aПрезентации
_jУчебники для среднего профессионального образования
_91720706
_3RU\NLR\AUTH\661065022
610 0 _aконтент
686 1 _aЗ973.233я723-1
686 1 _aУ21(0)286в612я723
686 1 _aУ5-13в612я723
700 1 _aДремина
_bЕ. Е.
_gЕлена Евгеньевна
942 _cUNSPEC
980 _aNB